00598 2200205 4500001002100000005001500021008004100036020002200077035001900099041000700118082001200125090001800137100002300155245010600178250000600284260003800290300003200328500001100360650002100371INLIS00000000001538520241224114925241224||||||||| | ||| |||| || |  a978-979-769-697-9 0010-1224015385 aid0 a320.014 a320.014 MUC d0 aMuchamad Yuliyanto00aDinamika Komunikasi Politik dan Pembangunan di Era Demokrasi: Sebuah Kumpulan Telaah Reflektif-Kritis a1 adepokbRaja rafindo Persadac2014 a20,5x13,5 cm, xx, 194 hlm.; aCet. 1 0aIlmu ilmu sosial